000
00291nam a22001337a 4500
008
170419b xxu||||| |||| 00| 0 eng d
020
_a
0838585414
041
_a
eng
080
_2
3 ED
_a
579
100
_a
11
101
_a
SHM
245
_a
MEDICAL MICROBIOLGY
_c
RYAN.K.J
942
_2
udc
_c
BK
999
_c
11136
_d
11136